000 01002nam a22002417a 4500
999 _c64656
_d64656
005 20240530110743.0
008 181108s2018 ua g b 000 0|ara d
017 _a2015/13265
_bمصر. دار الكتب
020 _a9789772122125
040 _aEG-CaGPL
_cEG-CaGPL
082 0 4 _221
_a953 /
_bم إ
100 0 _aمحمود السيد
245 1 0 _aاستراتيجية الفتوحات الاسلامية منذ ظهور الاسلام لعهد السلطان محمد الفاتح /
_cمحمود السيد
250 _aط.1
260 _aالاسكندرية :
_bمؤسسة شباب الجامعة ،
_c2018.
300 _a257 ص. ؛
_c24 سم.
504 _aيشتمل على ارجاعات ببليوجرافية
650 0 7 _2qrmak
_aالفتوحات الاسلامية
650 0 7 _2qrmak
_aالفتوحات الاسلامية
_xالسلطان محمد الفاتح
650 0 7 _2qrmak
_aانتشار الاسلام
942 _2ddc
_cBK